{"text_format":"3","workbook":"xls","n_sheets":2,"sheets":["中端方案.","高端方案"],"not_rendered":{"images":31},"read":"whole","date_system":"1900","formulas":"cached_only"}

{"sheet":"中端方案.","index":0,"n_rows":22,"n_cols":10,"rows_kept":22,"merged":[[0,0,0,5],[0,6,0,9],[2,0,2,9],[21,1,21,7]],"flags":["formulas_cached_only"]}
["300平扩声方案"]
["序号","设备名称","品牌","型号","技术参数","单位","数量","单价","小计","类似图"]
["一、扩声系统"]
[1,"15寸主扩音箱","Wharfedale","WQ15","WQ系列是一款轻质、高输出且性能优越的全频扬声器高音部分表现无比通透且极具穿透力，低频丰满低沉富有弹性，中频圆润清晰不吵。出色的喉感能让你一出声就能找到轻松易唱的感觉。\n\nWQ系列高音单元和低音单元采用高效率钕铁硼磁钢材料制作。WQ最大的特点是低频下潜及力度结合点非常好，低频饱满结实下潜深沉，人声中频圆润温厚。同时具有清晰易唱和出色的人声表现力.圆形号角，无论水平或垂直摆放，70x70度覆盖角都可提均匀平坦的覆盖范围。高斜衰减无源分频器能最大限度地减少频段重叠。箱体全部由15 mm多层优质桦木夹板制作，箱体内特别加有多处加强筋，强化了箱体的整体稳固性，能够在大声压时有效减小箱体共振。表面采用黑色耐磨喷漆处理。箱体为梯形结构，配备2x NL 4MP 接口与其他设备连接时使用。\n \n\n产品特性：\n\n  \n\n■ 15英寸(3.0英寸音圈）轻量化大功率钕铁硼磁钢低频驱动单元\n\n■ 1.75英寸（44mm）钛膜钕铁硼磁钢压缩高音单元\n\n■ 箱体采用15mm夹板制作，表面经黑色磨砂耐磨喷漆处理\n\n■ 70x70度覆盖角设计，具有均匀且平滑的轴向和偏轴向的响应\n\n■ 外观前卫带有防尘面网的钢制防护网\n\n■ 精确设计的分频器能优化功率响应及人声部分中频表现力\n\n■ 底部35mm标准安装支架的插孔\n\n■ 设有高频保护电路，能有效保护高频驱动器，避免功率过载而中断工作\n\n■ 360度可旋转的Wharfedale Pro圆形商标，方便使用时摆放\n\n \n\n规格&参数\n\n \n\n类型：15寸全频音箱\n\n频率响应：45Hz-20KHz(±3dB)\n\n灵敏度(1W/1M)：98dB\n\n指向性（H×V）：70°×70°\n\n功率：持续500W；节目1000W；峰值2000W\n\n最大声压级：132dB\n\n额定阻抗：8Ω\n\n低音单元：15”（75mm音圈）钕铁硼\n\n高音单元：1.75”钛膜\n\n分频点：2.5KHz\n\n尺寸(H×W×D)：680×430×463mm\n\n重量：23.9kg","只",2]
[2,"12寸补声音箱","Wharfedale","WQ12","WQ系列是一款轻质、高输出且性能优越的全频扬声器高音部分表现无比通透且极具穿透力，低频丰满低沉富有弹性，中频圆润清晰不吵。出色的喉感能让你一出声就能找到轻松易唱的感觉。\n\nWQ系列高音单元和低音单元采用高效率钕铁硼磁钢材料制作。WQ最大的特点是低频下潜及力度结合点非常好，低频饱满结实下潜深沉，人声中频圆润温厚。同时具有清晰易唱和出色的人声表现力.圆形号角，无论水平或垂直摆放，70x70度覆盖角都可提均匀平坦的覆盖范围。高斜衰减无源分频器能最大限度地减少频段重叠。箱体全部由15 mm多层优质桦木夹板制作，箱体内特别加有多处加强筋，强化了箱体的整体稳固性，能够在大声压时有效减小箱体共振。表面采用黑色耐磨喷漆处理。箱体为梯形结构，配备2x NL 4MP 接口与其他设备连接时使用。■ 12英寸(3.0英寸音圈）轻量化大功率钕铁硼磁钢低频驱动单元\n\n■ 1.75英寸（44mm）钛膜钕铁硼磁钢压缩高音单元\n\n■ 箱体采用15mm夹板制作，表面经黑色磨砂耐磨喷漆处理\n\n■ 70x70度覆盖角设计，具有均匀且平滑的轴向和偏轴向的响应\n\n■ 外观前卫带有防尘面网的钢制防护网\n\n■ 精确设计的分频器能优化功率响应及人声部分中频表现力\n\n■ 底部35mm标准安装支架的插孔\n\n■ 设有高频保护电路，能有效保护高频驱动器，避免功率过载而中断工作\n\n■ 360度可旋转的Wharfedale Pro圆形商标，方便使用时摆放\n\n \n\n规格&参数\n\n \n\n类型：12寸全频音箱\n\n频率响应：50Hz-20KHz(±3dB)\n\n灵敏度(1W/1M)：98dB\n\n指向性（H×V）：70°×70°\n\n功率：持续400W；节目800W；峰值1600W\n\n最大声压级：130dB\n\n额定阻抗：8Ω\n\n低音单元：12”（75mm音圈）钕铁硼\n\n高音单元：1.75”钛膜\n\n分频点：2.5KHz\n\n尺寸(H×W×D)：600×350×382mm\n\n重量：17.5kg","只",6]
[3,"舞台返听音箱","Wharfedale","DELTA 12M","产品特性：\n■ 12英寸（3寸音圈）压铸式铝质盆架低音单元\n■ 1.4〞出口，2〞(51mm)钛膜压缩驱动高音单元\n■ 90° ×45°椭圆形波导号角\n■ 地面返听音箱\n■ SK3高音保护电路\n■ 黑金砂表面喷漆\n■ 15mm桦木夹板箱体结构\n■ 有BI-AMP选择开关，可选择使用内置分频器和外置电子分频\n■ 胶质四通手柄\n\n规格尺寸\n\n类型：12寸全频音箱\n频率响应：60Hz-20KHz（±3dB）\n灵敏度（1W@1M）：97dB\n指向性（H×V）：90°×45°椭圆形波导\n功率：持续400W，节目800W，峰值1600W\n\n最大声压级：129dB\n额定阻抗：8Ω\n低音单元：12”（76.2mm音圈）\n高音单元：2”（35.6mm出口）钛膜\n输入端口：2×Speakon\n分频方式：内置/外置切换开关\n分频点：1.8KHz\n尺寸(H×W×D)：518×757×565mm\n净重：23.18Kg","只",2]
[4,"18寸低音音箱","Wharfedale","DELTA18B II","产品特性：\n■ 18英寸（4寸音圈，双弹波）压铸式铝质盆架超低音单元\n■ 箱体上有固定脚轮安装孔\n■ 顶部标准35mm铸铝音箱支架插孔\n■ 黑金砂表面喷漆\n■ 15mm桦木夹板箱体结构\n■ 有BI-AMP选择开关，可选择使用内置分频器和外置电子分频。\n■ 胶质四通手柄\n\n规格参数\n\n类型：18寸超低音箱\n频率响应(外置分频)：38Hz-1.5KHz（±3dB）\n频率响应(内置分频)：38Hz-150Hz（±3dB）灵敏度（1W@1M）：99dB\n功率：持续800W，节目1600W，峰值3200W\n最大声压级：134dB\n额定阻抗：8Ω\n低音单元：18”（101.6mm音圈）\n输入端口：2×Speakon\nHPF输出端口：1×Speakon\n分频方式：内置/外置切换开关\n分频点：120Hz\n尺寸(H×W×D)：539×539×650mm\n净重：37.3kg","只",2]
[5,"主扩功放","COBRA-2","Vortex 1000D","1000W×2/8Ω 1750W×2/4Ω\n频响：20Hz-20kHz(+0/-1dB)\n总谐波失真：≤0.15％\n信噪比：≥100dB\n阻尼系数：≥500\n转换速率：≥10V/μs\n输入灵敏度：0.775V/1.0V/32dB\n输入阻抗：20kΩ/10kΩ\n电压增益（8Ω时）：36.0dB\n功放拓扑类别：ClassD\n冷却：Air flow from front to  rear\n","台","1"]
[6,"补声功放","COBRA-2","Vortex 700D","700W×2/8Ω 1250W×2/4Ω\n频响：20Hz-20kHz(+0/-1dB)\n总谐波失真：≤0.15％\n信噪比：≥100dB\n阻尼系数：≥500\n转换速率：≥10V/μs\n输入灵敏度：0.775V/1.0V/32dB\n输入阻抗：20kΩ/10kΩ\n电压增益（8Ω时）：36.0dB\n功放拓扑类别：ClassD\n冷却：Air flow from front to  rear\n","台","3"]
[7,"返听功放","COBRA-2","Vortex 700D","700W×2/8Ω 1250W×2/4Ω\n频响：20Hz-20kHz(+0/-1dB)\n总谐波失真：≤0.15％\n信噪比：≥100dB\n阻尼系数：≥500\n转换速率：≥10V/μs\n输入灵敏度：0.775V/1.0V/32dB\n输入阻抗：20kΩ/10kΩ\n电压增益（8Ω时）：36.0dB\n功放拓扑类别：ClassD\n冷却：Air flow from front to  rear\n","台","1"]
[8,"超低功放","COBRA-2","Vortex 1500D","1500W×2/8Ω  2500W×2/4Ω\n频响：20Hz-20kHz(+0/-1dB)\n总谐波失真：≤0.15％\n信噪比：≥100dB\n阻尼系数：≥500\n转换速率：≥10V/μs\n输入灵敏度：0.775V/1.0V/32dB\n输入阻抗：20kΩ/10kΩ\n电压增益（8Ω时）：36.0dB\n功放拓扑类别：ClassD\n冷却：Air flow from front to  rear\n","台","1"]
[9,"16路调音台","YAMAHA","MG16","最多10个话筒 / 16 个线路输入 (8 个单声道 + 4 个立体声) / 4 编组母线 + 1 立体声母线 / 4 AUX (包括 FX）\n","台",1]
[10,"效果器","LEXICON","MX200","这款新的1U双通道设备将直观的前部面板设计和USB接口功能结合在一起，可以VST格式与软件录音平台结合使用。包括了大量混响算法、delays效果和 dbx的动态效果器，MX200适用于个人录音室和音乐厅录音。其提供了功能强大、操作方便的动态处理和效果器，保持了Lexicon的声音特色。 MX200提供了VST插件格式的操作平台，允许MX200作为硬件插件在VST工作站中使用，通过USB与电脑连接。USB的功能允许用户在电脑工作平台的图像界面中对效果器参数进行调节，并且具有完整的自动化和唤回功能。\n技术指标：\n◆音频输入：2只1/4″TRS平衡式不平衡输入端口\n◆输入阻抗：平衡输入：20KΩ；不平衡输入：10KΩ\n◆输入电平：20Hz-20KHz±1dB at 1KHz\n◆总谐波失真+噪声：<0.005％,20kHz\n◆输出电平：普通+4 dBu；最大 +20 dBu\n◆动态范围：>108dB\n\n◆ A/D变换：24 bit,48kHz\n\n◆电源：9V交流（包括供电变压器）\n◆音频处理器：24bit\n◆软件： WinXP/Mac OSX VST GUI接口\n◆尺寸：1U标准机架高度\n","台",1]
[11,"4进8出数字音频处理器","EQ Acoustics","Intelli-X48","\n>\n32位DSP SHARC芯片处理，96kHz采样率，24bit AD/DA转换。\n>\n输入处理部分包含高切，低切，6个参量均衡，31段图示均 衡，噪声门，增益，静音，相位，延时，连动调节等处理功能。\n>\n输出处理部分包含分频，9个参量均衡，增益，静音，压缩器，限幅器，相位，延时，连动调节等处理单元。\n>\n所有通道的PEQ增益、带宽、频率连续可调，类型可选择: 参量均衡、低架滤波、高架滤波、低切滤波、高架滤波、移相1阶、移相2阶。\n>\n所有输入输出之间可以自由进行矩阵式分配，且每个输入输出通道名称可以更改。\n>\n所有输入输出通道带独立的相位曲线调整功能，在PEQ类型选择移相1阶是180度曲线调整，移相2阶是360度曲线调整。\n>\n所有高切、低切滤波器，分频器的类型可选择：巴特沃斯、林奎瑞利、贝塞尔，斜率在-6dB/Oct至-48dB/Oct可选。\n>\n输出通道的软压缩阀值，比率，启动时间，恢复时间连续可调。峰值限幅器的阀值，比率，启动时间，恢复时间连续可调。\n>\n所有输入输出通道的延时模块都具有高达680ms的延时时间。\n>\n任意通道之间参数设置可以自由复制，以及任意通道可以进行连动调节。\n>\n可在任意一个输入或输出通道时看到当前所有的输入或输出通道的PEQ曲线调整图。\n>\n内置测试信号发生器，输出方式可选粉红噪声，白噪声及20Hz-20kHz正弦波可调，信号幅度可调。\n>\n前面板带有输入输出电平指示灯、USB控制端口，后面板232 &485控制端口，以及以太网连接远程控制端口，一键式连机使得用户的操作更简易、快捷。\n>\n31个用户预设，整机状态和每个预设都可以单独存储和调用。Id设置功能可以级联控制255台机器，还具有密码保护功能，使设备更安全。\n","台",1]
[12,"一拖二无线会议话筒","KDLK","KS-998","载波频段：UHF520~940MHz（选配）\n通道数：双通道\n调制方式：FM\n灵敏度：输入6dBv时，S/N>60Db  \n频带宽度：30MHz\n最大偏移度：±45KHz \n综合S/N比：>105dB\n综合T.H.D:<0.7% @1KHz \n综合频率响应：45Hz~18KHZ ±3dB\n供电：DC 12V~16V 10W \n输出插座：XLR平行式及6.3非平行式插座\n工作有效距离：120M","台",1]
[13,"无线麦克风","SHURE","BLX288/PG58","SHURE BLX288/PG58\n功能\nBLX2手持式发射机\n集成话筒振膜设计，有值得信赖的PG58、SM58®或Beta 58A可选。\n-10 dB增益衰减\n轻质耐用结构\n彩色ID保护盖（可另购）\nBLX88双通道接收机:\n一键式QuickScan频率选择可快速查找最佳开放频率（在干扰情况下）\n每个频带多达12个兼容系统（视区域而定）\nXLR和¼英寸输出接口\n微处理器控制的内部天线分集\n双色音频状态LED指示灯\n绿色：正常音频电平\n红色：过高音频电平（过载减） ","套",1]
[14,"8路电源时序器","声准","1018B","空气开关输入接口，方便电力的接入和控制，满足感性负载，耐涌浪冲击；\n30A大电流控制继电器输出，多用途插座；\n标准USB接口灯具辅助照明配置\n待机、运行、全部旁通、单独通道旁通全功能；\n采用SMT、AI、ICT全自动生产和测试技术，保证标准化生产和产品的一致性；\n电力条件：单相3线\n电力线接入端口方式：单相两刀动力型空气开关\n时序通道数量：8通道可输出通道数\n输入最大电流容量：63A(AC220V)\n每通道最大输出电流容量：30A/60s或10Arms\n时序控制每步时间间隔：1sec\nUSB灯座最大输出电压/电流：5V/50mA\n \n功能与使用\n前面板指示功能 \n电源开、待机、运行、全部旁通、单独通道旁通\n前面板使用功能 \n时序电源开关、USB灯电源开关和接口、全部旁通选择、单独通道旁通选择、多功能电源插座\n后面板使用功能 \n接入电力总输入开关和接口、时序电源输出插座、联机输入输出插座\n保护功能 \n空气开关过流自动断路功能\n尺寸/重量 \n产品外形尺寸 (宽x 深x 高) (mm) \n483x26044.5(1U)\n外包装尺寸(宽x 深x 高) (mm) \n560425x80\n净重 \n5.2kg\n毛重 \n5.6kg\n电源 \nAC220V±10% 50~60Hz\n重量：7.3kg","台",2]
[15,"音响吊架",{"$nulls":3},"套",3]
[16,"网络机柜",null,null,"24U","台",1]
[17,"辅材",null,null,"卡侬头，接插件，音频线","批",1]
[18,"音箱线",null,null,"2*3.0","米",200]
[19,"小计"]

{"sheet":"高端方案","index":1,"n_rows":21,"n_cols":10,"rows_kept":21,"merged":[[0,0,0,5],[0,6,0,9],[2,0,2,9],[20,1,20,7]],"flags":["formulas_cached_only"]}
["扩声方案"]
["序号","设备名称","品牌","型号","技术参数","单位","数量","单价","小计","类似图"]
["一、扩声系统"]
[1,"同轴差分15寸音箱","Martin audio","CDD15","CDD系列：代表未来的形态\nMartin Audio凭借全新的CDD系列产品，为扩声领域固定安装市场带来新的技术创新——该系列产品将具有独特弧形的外观设计和市场上独一无二的同轴差异化离散技术相结合，为那些追求尖端技术与品质的终极性的场地带来同级别领先的性能、解析度和覆盖统一性。\n无论是一个酒吧、一个音视频固定安装工程、教堂或极富声望的夜总会，CDD系列都可以满足它们的需求。CDD被证实是一种一站式解决方案；六种双向全频的同轴系统——从微型的CDD5一直到强力的CDD15，搭配高性能超低音扬声器——涵盖了基本上所有的安装应用环境。\n全新的CDD系列同样支持出色的听众覆盖。相比固定离散式导向X°乘以Y°喇叭的系统来说，同轴差异化离散技术提供更加统一的听众区覆盖——这样的技术会针对听众区的后排输出更强的声音带来听众区从前到后更加均衡的覆盖，同时对距离音箱近的听众提供水平方向更宽范围的覆盖。这样比其他系统更强的覆盖面积可以减少大型安装工程中的扬声器的数量。\n极具视觉吸引力的外观设计是CDD系列一个标志性特点。全方位的箱体在水平或垂直方向上都可以使用，同轴驱动器角度的调节可以通过取下不用螺丝的保护性隔栅后轻松完成。每一只全尺寸箱体的带弧度的外形使它可以通过一系列设计周全的安装配件严密地安装在墙壁或天花板上。\n除了CDD5之外，该系列产品所有的箱体都通过刚性UPM Formi制作——一种天然纤维复合材料，将坚固性与出色的内部阻尼特性相结合。从CDD8开始往上的型号，喇叭的挡板都使用白桦木制作，同时所有的型号都进行了精妙的内部支撑骨架设计来减轻重量并提升刚度。标准外观的颜色为黑（RAL90095）或者白（RAL9016）两种颜色，而所有RAL国际色卡上的外观颜色都可以根据订单订制。\n同轴差异化离散技术：鱼与熊掌兼得\nCDD结合了同轴式设计的“点-源”的优势和差异化离散技术的覆盖的持续性。所有的CDD系列产品都搭配了Martin Audio独一无二的、正在申请专利的差异化离散技术来为观众中的每一个人提供完美的声音。\n同轴系统的优势\n通常非同轴系统会面临因为低频和高频区域在二者交汇的部分互相干扰而产生的频段响应不均衡的问题，这样的情况会进一步导致声音的离轴变异，根据听者所在的位置而程度不同。尤其在靠近音箱的位置会特别明显。\n与之相反，同轴系统可以实现在所有可能产生离轴情况的位置，甚至是在靠近音箱的位置上的低频和高频区域的“点-源”叠加。这也是同轴系统通常会被在近场应用环境下投入使用的原因，比如像录音棚监听。\n传统的同轴设备直到今天还有一个明显的缺点就是高频的输送，随着频率的提升，高频的发散会减少。这主要是因为传统的同轴设备是在磁场系统的极片上通过一个很窄的电子管传输高频的。CDD系列同轴设备通过一种创新的静态波导方式，与独特的锥形波形无缝融合克服了这一传统问题——这种波导方式可以将声音发散的行为模式一直保持到很高的频段范围上去。\n差异化离散技术的优势\n一个差异化离散型的喇叭具有一个三维的梯形的声音离散模式，相比较传统的固定离散型X°乘Y°的喇叭来说，可以将一个房间更加均匀地覆盖。\n配备传统的X°乘Y°的喇叭的音箱通常都要安装在头部以上的高度，面朝听众区的中心。这样会导致一个不完美的覆盖模式，错过一些地方——尤其是靠近音箱的边缘区域。\n相比较而言，一套CDD系列的同轴差异化离散式系统可以制造出一个矩形的覆盖模式，到达听众区的各个角落，同时一直到非常靠近音箱的区域都可以实现广泛的横向上的覆盖。当您走进房间，频段响应上的连贯性和声压级——无论是在靠近音箱的位置或是更往后的音箱背面——都是非常理想的。在靠近音箱的位置改善后的覆盖同样意味着在很多情况下，CDD系列的音箱彼此之间可以放置得更远，这样就减少了整体工程所需要的音箱数量。\nCDD系列特点                 \n\n多样化的被动式双向系统\n\n同轴化“点-源”式性能表现\n\n差异化离散技术带来持续性的覆盖\n\n高雅的刚性UPM Formi材质的外观（CDD5除外）\n\n用户可调的同轴驱动单元\n\n垂直或水平方向的安装选项\n\n不用螺丝的穿孔保护性隔栅\n\n8欧姆标准阻抗\n\n精准的安装配件\n\n针对CDD10、CDD12和CDD15设计了吊环悬架支持整体插入\n\n型高输出，同轴差分无源\n双向系统\n频率响应（5）55hz-18khz±3dB，-10dB @ 45Hz\n司机如果：15”（380mm）/ 3”（75mm）音圈，远足，\n高频的铁氧体运动系统\n高频：1.4”（36）出口/ 3”（75mm）音圈，钛圆顶\n压缩驱动器\n（2）额定功率400W的AES，1600W峰值\n推荐放大器ma3.0，ma5.2k\n（8）100dB的灵敏度\n最大声压级（9）126分贝连续，132DB峰\n标称阻抗8欧姆\n色散（-6dB）100˚- 60˚水平，60˚垂直（用户可旋转）\n交叉1.6khz被动\n外壳68升，复合材料\n黑色或白色纹理漆\n保护格栅，黑色或白色的穿孔钢平纹布衬\n连接器低调20A推锁\n引脚连接左至右：输入+，输入-，链接-，链接+\n配件10×M8飞点\n尺寸（W）429mm x（H）x（D）413mm九寨沟\n（W）16.9ins x（H）27.2ins x（D）16.3ins\n重量27.7kg（61lbs）\n附件cddya15b轭装配黑色\ncddya15w轭组件白\n\n理想中的大房间，是一个非常大的cdd15，被动双向系统设计安装需求的最终的声音表现从一个单一的外壳。它结合了非常高的输出能力，具有卓越的保真度和覆盖一致性。其同轴驱动单元包括一个强大的15“（380mm）/ 3”（75mm）音圈低频驱动器和一个1.4”（35mm）与3“退出高频压缩驱动器（75mm）纯钛膜。\n同轴差分散技术应用于cdd15提供更一致的受众覆盖率比固定X°x y°覆盖模式系统突出的比较输出到观众的后方，同时具有广泛的横向覆盖的特写。其创新的CDD驱动实现点源的总和的低频和高频部分的频率响应和消除非共轴设计相关的离轴的变化。改进传统的同轴设计，这可能会遭受从高频的光，驱动程序具有一个静态的波导管，与独特的锥形状的无缝融合，保持分散模式，以非常高的频率。\n在视觉上的独特的复合外壳可用于在任一水平（横向）或垂直（纵向）方向，与旋转的驱动程序很容易完成通过拆卸螺丝自由，保护格栅。的cdd15可以通过螺栓或通过一个可选的横轭意味着暂停。\n完成在黑色（RAL9005）或白色（ral9016）为标准，这cdd15可提供任何RAL颜色顺序。\n全方位，被动的cdd15双向系统，可在没有控制器。然而，一个控制器，如马丁音频dx0.5功能的情商和限制器，DX1.5或DX2，或板载DSP MA系列放大器将最大限度的发挥其功能。当使用一个CSX低音炮，交叉和EQ功能可以由dx0.5，DX1.5和DX2系统控制器，或通过一个板载DSP选择MA系列放大器。","只",2,23580,47160]
[2,"同轴补声音箱","Martin audio","CDD12","型紧凑，高输出，同轴差分分散\n被动双向系统\n频率响应（5）62hz-20khz±3dB，-10dB @ 50Hz\n司机如果：12“（300mm）/ 2.5”（63.5mm）音圈，远足，\n高频的铁氧体运动系统\n高频：1”（25mm）出口/ 1.7”（44mm）音圈，聚酰亚胺的穹顶\n压缩驱动器\n（2）额定功率300W的AES，1200W峰值\n推荐放大器ma2.0，ma3.0\n（8）灵敏度97dB\n最大声压级（9）：122dB连续，128dB峰值\n标称阻抗8欧姆\n色散（-6dB）110˚- 60˚水平，60˚垂直（用户可旋转）\n交叉1.9khz被动\n外壳38升，复合材料\n黑色或白色纹理漆\n保护格栅，黑色或白色的穿孔钢平纹布衬\n连接器低调20A推锁\n引脚连接左至右：输入+，输入-，链接-，链接+\n配件6×M8插入墙支架\n10×M8飞点\n尺寸（W）360mm x（H）571mm x（D）350mm\n（W）14.2ins x（H）22.5ins x（D）13.8ins\n重量19.3kg（42.5lbs）\n附件cddwb10 / 12b墙支架黑色\ncddwb10 / 12W墙架白色\ncddya12b轭装配黑色\ncddya12w轭组件白","只",6,18500,111000]
[3,"专业舞台返听音箱","Martin audio","LE100","二分频舞台流动返送扬声器。\n频率响应：78Hz-20kHz±3dB，-10dB @ 58Hz\n低频驱动器：12\"（300mm）/2.5”（63.5mm）音圈，长冲程，带HF的共享铁氧体电机系统\n高频驱动器：1\"（25mm）出口/ 1.7”（44mm）音圈，聚酰亚胺圆顶压缩驱动器\n额定功率：300W AES，1200W峰值\n灵敏度：97dB\n最大声压级：129dB峰值\n额定阻抗：8Ω\n覆盖角度（-6dB）：水平110°-60°，垂直60°\n\n宝迪王元春 2018/3/20 18:20:32\n◆紧凑同轴差分驱动全频扬声器\n◆低频驱动器：1×12\"；\n◆高频驱动器：1×1\"；\n◆频率响应（±3dB）：62Hz ~ 20kHz；\n◆覆盖角度（水平×垂直，-6dB）：110° ~ 60° × 60°\n◆负载功率：300W；\n◆灵敏度：97dB；\n◆最大声压级：128dB；\n◆阻抗：8Ω；\n◆尺寸（HxWxD）571mm x 357mm x 348mm\n◆重量：19.3kg","只",2,19350,38700]
[4,"直接辐射18寸低音音箱","Martin audio","CSX118","紧凑型，直接辐射低音炮\n频率响应（1）40hz-150hz±3dB，-10dB @ 35Hz\n司机18”（460mm）/ 4”（100mm）音圈，长冲程，铁氧体\n磁铁，防水锥\n（2）额定功率1000W的AES，4000W峰值\n推荐放大器ma5.2k\n（10）灵敏度102dB\n最大声压级（9）132DB连续，138db峰（半空间）\n标称阻抗8欧姆\n色散（-6dB）全方位\n交叉80-120hz活跃\n附件160公升，高密度中纤板\n黑色或白色纹理漆\n防护格栅黑色或白色穿孔钢\n连接器低调20A推锁\n引脚连接左至右：输入+，输入-，链接-，链接+\n尺寸（W）530mm×（H）662mm x（D）5\n（W）20.9ins x（H）26.1ins x（D）25.2ins\n体重42KG（93LBS）","只",2,25600,51200]
[5,"主扩功放","COBRA-2","Vortex 1000D","1000W×2/8Ω 1750W×2/4Ω\n频响：20Hz-20kHz(+0/-1dB)\n总谐波失真：≤0.15％\n信噪比：≥100dB\n阻尼系数：≥500\n转换速率：≥10V/μs\n输入灵敏度：0.775V/1.0V/32dB\n输入阻抗：20kΩ/10kΩ\n电压增益（8Ω时）：36.0dB\n功放拓扑类别：ClassD\n冷却：Air flow from front to  rear\n","台","1",5580,5580]
[6,"补声功放","COBRA-2","Vortex 700D","700W×2/8Ω 1250W×2/4Ω\n频响：20Hz-20kHz(+0/-1dB)\n总谐波失真：≤0.15％\n信噪比：≥100dB\n阻尼系数：≥500\n转换速率：≥10V/μs\n输入灵敏度：0.775V/1.0V/32dB\n输入阻抗：20kΩ/10kΩ\n电压增益（8Ω时）：36.0dB\n功放拓扑类别：ClassD\n冷却：Air flow from front to  rear\n","台","3",4680,14040]
[7,"返听功放","COBRA-2","Vortex 700D","700W×2/8Ω 1250W×2/4Ω\n频响：20Hz-20kHz(+0/-1dB)\n总谐波失真：≤0.15％\n信噪比：≥100dB\n阻尼系数：≥500\n转换速率：≥10V/μs\n输入灵敏度：0.775V/1.0V/32dB\n输入阻抗：20kΩ/10kΩ\n电压增益（8Ω时）：36.0dB\n功放拓扑类别：ClassD\n冷却：Air flow from front to  rear\n","台","1",4680,4680]
[8,"超低功放","COBRA-2","Vortex 1500D","1500W×2/8Ω  2500W×2/4Ω\n频响：20Hz-20kHz(+0/-1dB)\n总谐波失真：≤0.15％\n信噪比：≥100dB\n阻尼系数：≥500\n转换速率：≥10V/μs\n输入灵敏度：0.775V/1.0V/32dB\n输入阻抗：20kΩ/10kΩ\n电压增益（8Ω时）：36.0dB\n功放拓扑类别：ClassD\n冷却：Air flow from front to  rear\n","台","1",6933,6933]
[9,"16路数字调音台","Behringer","X32P","百灵达x32p生产数字混频器\n\n处理能力、丰富的I/O和灵活的路由是中心主题百灵达X32制作人。其中较大的主机有固定装置或工作室，与X32制片人，工作室口径性能现在都在你的生活需要。八立体声效果，发动机提供的信号处理能力相当于外齿轮架无需长途除了X32生产什么。\n\n带上它\n\n这种流线型的，但是家庭成员建立了强大的X32处理负载，无论命运把你的方式。机架安装和配备16 MIDAS设计的麦克风前置放大器，X32生产者也带来了两aes50端口连接强大的S16数字蛇多达96个额外的XLR输入和48返回的轻量级部署以太网电缆连接相比，模拟蛇。\n\n为了后代的缘故\n\n在X32生产者出生准备连接到你的电脑录音设置。火线和USB 2的功能使它移动记录多达32个通道的理想工具，加上内置的控制面协议把你最喜欢的，一个伟大的同伴。\n\n遥远的你\n\n与X32的制片人，你不再是拴在主调音台的位置，这意味着你可以设置任何你喜欢的地方。然后你可以散步听和调整任何地点通过iPad或平板电脑连接到您的无线网络结构。另外，你可以让表演者拨在自己的个人监测和感谢工业用X射线剂量计应用程序为iPhone和iPod触摸。X32生产者的能力将使你成为你的创意最好！\n\n组成。记录。混合。分享。\n\n牵引4把乐趣带回创作的过程，所以我们包括免费选择百灵达产品。这种功能强大，但易于使用的音乐制作软件是你从未见过的，把一切你会在你的桌面上的需要，没有掉下海和隐藏的菜单其他大多数DAW常见的单屏。和牵引不限制轨道可以记录数，或者你可以使用数量的影响。事实上，唯一的限制是你的电脑或电脑的处理能力。录制和编辑不容易；简单的拖放、剪切、复制或粘贴。一旦你的巨著完成，分享它与其他的tracktioneers所以他们可以听，合作编辑。\n\n这里是一些Tracktion 4的突出特点：\n\n本地的FX插件从动态调制，混响和更多\n\n-可用的第三方金支持，VST和VSTi插件\n\n混合自动化\n\n安全记录\n\n循环记录\n\n•64位，192千赫混合引擎\n\n•音频剪辑操作\n\n- MIDI编辑器\n\n过滤器：体积/盘、水平仪、频段均衡器，AUX发送和返回和FX\n\n-出口等多种格式，WAV，MP3，AIF和。\n\n特征：\n\n40输入通道，25路机架式数字调音台在录音室和现场应用\n\n16 MIDAS设计，完全可编程的麦克风前置放大器高保真音质\n\n17全自动电动100毫米推子允许即时的概述，强大的现场管理和DAW控制\n\n8 XLR输出加6附加线/输出，一个手机连接器和一个XLR麦克风输入对讲部分\n\n- 32 x 32通道USB 2音频接口，与DAW遥控仿真回族和Mackie控制\n\n•iPad和iPhone应用程序的专业远程操作免费提供无主机要求\n\n高分辨率5天可视彩色TFT方便查看工作流组件和参数\n\n主LCR，6巴士和16混合总线矩阵每个具有插入、计算机参数的全动态处理，再加上8组和6组的DCA静音\n\n虚拟FX机架具有8个高保真立体声FX槽包括高端模拟如词汇后，pcm70，EMT250和Quantec QRS波等。\n\n•40位浮点数字信号处理器具有“无限”的动态范围，没有内部过载和接近零的整体延迟混合共有48个信号的25个总线\n\n•强大的现场管理，方便处理复杂的产品\n\n重量：36磅\n\n装运尺寸：25×23×11\n","台",1,12500,12500]
[10,"4进8出数字音频处理器","EQ Acoustics","Intelli-X48","\n>\n32位DSP SHARC芯片处理，96kHz采样率，24bit AD/DA转换。\n>\n输入处理部分包含高切，低切，6个参量均衡，31段图示均 衡，噪声门，增益，静音，相位，延时，连动调节等处理功能。\n>\n输出处理部分包含分频，9个参量均衡，增益，静音，压缩器，限幅器，相位，延时，连动调节等处理单元。\n>\n所有通道的PEQ增益、带宽、频率连续可调，类型可选择: 参量均衡、低架滤波、高架滤波、低切滤波、高架滤波、移相1阶、移相2阶。\n>\n所有输入输出之间可以自由进行矩阵式分配，且每个输入输出通道名称可以更改。\n>\n所有输入输出通道带独立的相位曲线调整功能，在PEQ类型选择移相1阶是180度曲线调整，移相2阶是360度曲线调整。\n>\n所有高切、低切滤波器，分频器的类型可选择：巴特沃斯、林奎瑞利、贝塞尔，斜率在-6dB/Oct至-48dB/Oct可选。\n>\n输出通道的软压缩阀值，比率，启动时间，恢复时间连续可调。峰值限幅器的阀值，比率，启动时间，恢复时间连续可调。\n>\n所有输入输出通道的延时模块都具有高达680ms的延时时间。\n>\n任意通道之间参数设置可以自由复制，以及任意通道可以进行连动调节。\n>\n可在任意一个输入或输出通道时看到当前所有的输入或输出通道的PEQ曲线调整图。\n>\n内置测试信号发生器，输出方式可选粉红噪声，白噪声及20Hz-20kHz正弦波可调，信号幅度可调。\n>\n前面板带有输入输出电平指示灯、USB控制端口，后面板232 &485控制端口，以及以太网连接远程控制端口，一键式连机使得用户的操作更简易、快捷。\n>\n31个用户预设，整机状态和每个预设都可以单独存储和调用。Id设置功能可以级联控制255台机器，还具有密码保护功能，使设备更安全。\n","台",1,5060,5060]
[11,"会议话筒","SHURE","MX418D/C","采用易于更换的设计，具有心形、超心形和全向型三种拾音模式，可为教堂、法庭和会议中心等多种应用场合提供较宽的频率响应和精确的声音重现。此外，电容拾音器头可用于Microflex系列的每个型号，使用更加方便，确保始终如一的音质。\n\nAvailable Options\n\nMicroflex 鹅颈话筒共有四种型号，话筒高度和安装方式各不相同，但都配备舒尔Microflex特有的带LED指示灯的静音开关。每款Microflex鹅颈话筒都 具有高灵敏度和不带变压器的平衡输出，最大程度提高了对电磁交流声和射频干扰的抗扰度，即使是长距离电缆传输也没有问题。每款Microflex鹅颈话筒 都随附完整的安装套件，包括金属锁扣件和泡沫防风罩、扣合式话筒减震架转接头。\n\n型号\n\nMX412/C（心形）、MX412/S（超心形）、MX412/N（无拾音头）: 12英寸鹅颈电容话筒、附加式XLR前置放大器、减震架、法兰支架、扣合式泡沫防风罩。*（可选的桌面底座，带10英尺电缆：A412B）\nMX418/C（心形）、MX418/S（超心形）、MX418/N（无拾音头）: 18英寸鹅颈电容话筒、附加式XLR前置放大器、减震架、法兰支架、扣合式泡沫防风罩。*（可选的桌面底座，带10英尺电缆：A412B）\nMX412D/C（心形）、MX412D/S（超心形）、MX412/N（无拾音头）: 12英寸桌面鹅颈微型电容话筒、带10英尺电缆的桌面底座、扣合式泡沫防风罩。\nMX418D/C（心形）、MX418D/S（超心形）、MX418D/N（无拾音头）: 18英寸桌面鹅颈微型电容话筒、带10英尺电缆的桌面底座、扣合式泡沫防风罩。\nMX412E/C（心形）、MX412E/S（超心形）、MX412E/N（无拾音头）: 12英寸鹅颈电容话筒、减震架、法兰支架、10英寸侧出口（或底出口）电缆、扣合式防风罩、串联式前置放大器。\nMX418E/C（心形）、MX418E/S（超心形）、MX418E/N（无拾音头）: 18英寸鹅颈电容话筒、减震架、法兰支架、10英寸侧出口（或底出口）电缆、扣合式防风罩、串联式前置放大器。\nMX412S/C（心形）、MX412S/S（超心形）、MX412S/N（无拾音头）: 12英寸鹅颈电容话筒、附加式XLR前置放大器、减震架、法兰支架、扣合式泡沫防风罩/静音开关、LED指示灯。*（可选的桌面底座，带10英尺电缆：A412B）\nMX418S/C（心形）、MX18S/S（超心形）、MX418S/N（无拾音头）: 18英寸鹅颈电容话筒、附加式XLR前置放大器、减震架、法兰支架、扣合式泡沫防风罩/静音开关、LED指示灯*（可选的桌面底座，带10英尺电缆：A412B）","套","2",1850,3700]
[12,"单通道无线话筒人声套装","beyerdynamic","TG 550","套装包含TG500SR单通道接收机、TG500H-D手持话筒,无线工作频带606–636 MHz；接收机为 1U 9.5\"金属机身，背光液晶显示屏,包装内含可拆卸短天线、电源适配器、机架安装配件；动态范围 106dB；最大输出电平 +5dBu；频率响应45-15kHz；导频功能；1个XLR输出接口，1个1/4\"jack输出接口。手持发射机采用液晶显示屏，红外同步, 包装内含收纳包/2节AA电池；增益2档可调 ；发射功率 10mw/50mw；充电接口，可选配WA-CD充电器使用；最远可达120米使用距离；2节AA电池可使用约10小时。话筒头为TG V50动圈心形指向。","套",2,4520,9040]
[13,"8路电源时序器","声准","1018B","空气开关输入接口，方便电力的接入和控制，满足感性负载，耐涌浪冲击；\n30A大电流控制继电器输出，多用途插座；\n标准USB接口灯具辅助照明配置\n待机、运行、全部旁通、单独通道旁通全功能；\n采用SMT、AI、ICT全自动生产和测试技术，保证标准化生产和产品的一致性；\n电力条件：单相3线\n电力线接入端口方式：单相两刀动力型空气开关\n时序通道数量：8通道可输出通道数\n输入最大电流容量：63A(AC220V)\n每通道最大输出电流容量：30A/60s或10Arms\n时序控制每步时间间隔：1sec\nUSB灯座最大输出电压/电流：5V/50mA\n \n功能与使用\n前面板指示功能 \n电源开、待机、运行、全部旁通、单独通道旁通\n前面板使用功能 \n时序电源开关、USB灯电源开关和接口、全部旁通选择、单独通道旁通选择、多功能电源插座\n后面板使用功能 \n接入电力总输入开关和接口、时序电源输出插座、联机输入输出插座\n保护功能 \n空气开关过流自动断路功能\n尺寸/重量 \n产品外形尺寸 (宽x 深x 高) (mm) \n483x26044.5(1U)\n外包装尺寸(宽x 深x 高) (mm) \n560425x80\n净重 \n5.2kg\n毛重 \n5.6kg\n电源 \nAC220V±10% 50~60Hz\n重量：7.3kg","台",2,650,1300]
[14,"音响吊架",{"$nulls":3},"套",3,800,2400]
[15,"网络机柜",null,null,"24U","台",1,800,800]
[16,"辅材",null,null,"卡侬头，接插件，音频线","批",1,500,500]
[17,"音箱线",null,null,"2*3.0","米",200,7,1400]
[18,"小计",{"$nulls":6},315993,"以上报价不含税不含运费不含安装调试费"]